000 00499cam a2200157 4500
020 _a004900008X
082 0 0 _a355.403
_bEGG
_cL-30-II, P-75
100 1 _aEggenberger, David.
_948710
245 1 2 _aA dictionary of battles.
260 _aLondon,
_bAllen & Unwin,
_c1967.
300 _axi, 526 p.
_bmaps (some col.), plans (some col.)
_c26 cm.
526 _a0
_b0
_c0
_d355_403000000000000_EGG
526 _a0
_b0
_c0
_d355_403000000000000_EGG
650 0 _aBattles
_xDictionaries.
_948830
942 _2ddc
_cBK
999 _c551697
_d551697